000 00323 a2200157 4500
001 173677
020 _a
040 _cMagnum
100 _aAlvarenga, Terezinha
240 1 0 _aEntre anto e tantos
_lpor
245 1 0 _aEntre anto e tantos
362 0 _a1899
440 1 _aMiguilim
697 _aIJ/ANIMAIS
942 _cBK
999 _c173677
_d173677